000
00497nam a2200181Ia 4500
008
100917s9999 xx 000 0 und d
082
_b
16430
100
_a
धामणकर बा. वि.
245
_a
चंद्रसेन मोहना
260
_b
---
_c
1906
300
_a
100
365
_b
0
520
_a
नाटक
630
_a
चंद्रसेन मोहना
650
_a
नाटक
730
_a
चंद्रसेन मोहना
942
_c
BOOK
999
_c
621824
_d
621821